Score 0/31 Timer 05:00
1 Play Today
Hint Answer % Correct
Time _____ timeAfter
96.7%
I've _____ my duesPaid
96.2%
We are the _____ (x2)Champions
95.9%
We are the _____ (x2)Champions
95.9%
We are the _____ (x2)Champions
95.9%
'Cause we are the _____Champions
95.9%
'Cause we are the champions of the _____World
94.9%
'Cause we are the champions of the _____World
94.9%
And we'll keep on _____ 'til the endFighting
92.5%
And we'll keep on _____ 'til the endFighting
92.5%
And we'll keep on _____ 'til the endFighting
92.5%
But committed no _____Crime
92.5%
We are the champions, my _____Friends
89.4%
We are the champions, my _____Friends
89.4%
We are the champions, my _____Friends
89.4%
But it's been no bed of _____Roses
87.7%
Hint Answer % Correct
No time for _____ Losers
87.6%
No time for _____ Losers
87.6%
No time for _____ Losers
87.6%
I've made a _____Few
85%
You brought me _____ and fortune and everything that goes with itFame
83.5%
I've _____ my bowsTaken
74.2%
And my _____ callsCurtain
73.9%
No pleasure _____Cruise
67.9%
But I've come _____ (And I need just go on and on, and on, and on)Through
67.8%
I've done my _____ Sentence
67%
_____ I ain't gonna lose (And I need just go on and on, and on, and on)And
66.6%
I _____ you allThank
64.2%
And _____ mistakesBad
59.2%
I've had my share of _____ kicked in my faceSand
57.4%
I consider it a _____ before the whole human raceChallenge
48.1%

Today's Daily Dose

You're not logged in!

Compare scores with friends on all Sporcle quizzes.
OR
Log In

Sporcle TV

Today on Sporcle TV


Watch our educational content, quiz creation guides, and fun videos on Sporcle TV.

Show Comments

Extras

Top Quizzes Today


Score Distribution

Paid Content

Your Account Isn't Verified!

In order to create a playlist on Sporcle, you need to verify the email address you used during registration. Go to your Sporcle Settings to finish the process.

Report this User

Report this user for behavior that violates our Community Guidelines.

Details: